Statistics for Historical figures by picture - N

Click here to take the quiz!

General Stats

  • This quiz has been taken 293 times
  • The average score is 8 of 16

Answer Stats

Answer% Correct
Napoleon
98%
Newton
86%
Nero
82%
Nelson
76%
Nicholas II
74%
Nefertite
69%
Nightingale
65%
Newman
58%
Nietzsche
43%
Nasser
41%
Noriega
41%
Nehru
38%
Nobel
25%
Nebukadnezar
24%
Nostradamus
24%
Nkrumah
4%

Score Distribution

Percentile by Number Answered

Percent of People with Each Score

Your Score History

You have not taken this quiz